_Choosing democracy A practical gude to multicultural education(3rd ed.) Duane E. Campbell (Record no. 12507)
[ view plain ]
| 000 -LEADER | |
|---|---|
| fixed length control field | 00494nam a2200157Ia 4500 |
| 008 - FIXED-LENGTH DATA ELEMENTS--GENERAL INFORMATION | |
| fixed length control field | 151021s9999 xx 000 0 und d |
| 020 ## - INTERNATIONAL STANDARD BOOK NUMBER | |
| International Standard Book Number | 013098745x |
| 050 ## - LIBRARY OF CONGRESS CALL NUMBER | |
| Classification number | LC 1099.3.C36 2004 |
| 245 ## - TITLE STATEMENT | |
| Title | _Choosing democracy A practical gude to multicultural education(3rd ed.) Duane E. Campbell |
| 260 ## - PUBLICATION, DISTRIBUTION, ETC. (IMPRINT) | |
| Place of publication, distribution, etc. | New Jersey Pearson 2004 |
| 300 ## - PHYSICAL DESCRIPTION | |
| Extent | xxv,514p. |
| 500 ## - GENERAL NOTE | |
| General note | include index |
| 500 ## - GENERAL NOTE | |
| General note | include index |
| 650 ## - SUBJECT ADDED ENTRY--TOPICAL TERM | |
| Topical term or geographic name as entry element | _Multicultural education |
| 980 ## - EQUIVALENCE OR CROSS-REFERENCE-SERIES STATEMENT--PERSONAL NAME/TITLE [LOCAL, CANADA] | |
| Personal name | ^d20120827 01:07:45^oanne |
No items available.